100 największych miast Ameryki Południowej - Statystyki

Ogólne statystyki
  • Ten quiz został rozwiązany 92 razy
  • Średni wynik to 24 z 100
Statystyki odpowiedzi
Państwo/liczba ludności Miasto % Poprawnych
5.Brazylia/6 498 837 Rio
97%
9.Brazylia/2 817 068 Brasília
95%
3.Kolumbia/7 743 955 Bogota
93%
6.Argentyna/3 120 612 Buenos Aires
93%
2.Peru/8 258 847 Lima
93%
4.Chile/6 767 000 Santiago
93%
1.Brazylia/12 325 232 São Paulo
89%
17.Wenezuela/2 003 718 Caracas
86%
18.Ekwador/1 978 376 Quito
83%
8.Boliwia/2 867 504 La Paz
80%
27.Urugwaj/1 319 108 Montevideo
76%
11.Kolumbia/2 529 403 Medellín
70%
14.Brazylia/2 315 560 Belo Horizonte
68%
95.Boliwia/351 917 Sucre
63%
52.Paragwaj/680 250 Asunción
62%
24.Argentyna/1 541 812 Córdoba
58%
26.Brazylia/1 332 570 Porto Alegre
58%
7.Brazylia/2 902 927 Salvador
57%
16.Brazylia/2 063 547 Manaus
55%
15.Kolumbia/2 172 527 Cali
53%
13.Brazylia/2 428 678 Fortaleza
53%
19.Brazylia/1 773 733 Kurytyba
49%
23.Brazylia/1 661 017 Recife
49%
10.Wenezuela/2 634 251 Maracaibo
42%
28.Brazylia/1 303 389 Belém
38%
12.Ekwador/2 482 017 Guayaquil
38%
30.Kolumbia/1 274 250 Barranquilla
36%
22.Boliwia/1 686 375 Santa Cruz
34%
25.Brazylia/1 437 237 Goiânia
29%
49.Argentyna/799 523 La Plata
28%
67.Argentyna/523 425 Santa Fe
25%
33.Brazylia/1 108 975 São Luís
24%
36.Peru/978 009 Arequipa
22%
90.Peru/377 655 Cuzco
22%
38.Argentyna/939 733 Mendoza
22%
42.Kolumbia/876 885 Cartagena
21%
47.Brazylia/806 203 Natal
21%
21.Wenezuela/1 761 240 Valencia
21%
41.Peru/890 973 Trujillo
20%
87.Wenezuela/382 881 Barcelona
17%
88.Chile/378 960 Antofagasta
12%
34.Brazylia/1 095 055 Campinas
12%
56.Boliwia/630 000 Cochabamba
12%
72.Brazylia/500 973 Florianópolis
12%
45.Brazylia/825 796 João Pessoa
11%
78.Brazylia/437 256 Macapá
11%
58.Argentyna/614 350 Mar del Plata
9%
71.Argentyna/505 412 San Juan
9%
50.Brazylia/765 247 Campo Grande
8%
64.Brazylia/568 000 Cuiaba
8%
43.Brazylia/868 075 Teresina
8%
93.Brazylia/369 534 Vitória
8%
46.Kolumbia/806 378 Cúcuta
7%
29.Brazylia/1 280 623 Guarulhos
7%
35.Brazylia/996 733 Maceió
7%
76.Brazylia/467 000 Niterói
7%
99.Ekwador/345 527 Cuenca
5%
82.Peru/412 776 Iquitos
5%
63.Argentyna/575 322 Salta
5%
54.Brazylia/672 614 Aracaju
4%
31.Wenezuela/1 172 799 Barquisimeto
4%
57.Kolumbia/614 860 Bucaramanga
4%
75.Wenezuela/478 874 Ciudad Bolívar
4%
61.Brazylia/687 688 Jaboatão dos Guararapes
4%
20.Argentyna/1 772 130 La Matanza
4%
59.Wenezuela/610 000 Maracay
4%
100.Brazylia/336 038 Rio Branco
4%
37.Argentyna/948 312 Rosairo
4%
44.Argentyna/859 388 San Miguel
4%
94.Peru/366 160 Chimbote
3%
40.Wenezuela/910 470 Ciudad Guayana
3%
32.Boliwia/1 123 280 El Alto
3%
73.Kolumbia/492 554 Ibagué
3%
74.Brazylia/481 725 Maua
3%
86.Kolumbia/392 000 Pereira
3%
81.Peru/413 621 Piura
3%
80.Brazylia/428 527 Porto Velho
3%
66.Kolumbia/555 030 Santa Marta
3%
70.Brazylia/505 512 Ananindeua
1%
79.Brazylia/434 008 Campos dos Goytacazes
1%
51.Peru/738 000 Chiclayo
1%
91.Argentyna/372 754 Corrientes
1%
77.Peru/450 900 Huancayo
1%
60.Argentyna/591 000 Lomas de Zamora
1%
69.Wenezuela/508 200 Maturín
1%
89.Brazylia/378 000 Olinda
1%
83.Argentyna/407 850 Resistencia
1%
65.Argentyna/555 731 Almirante Brown
0%
68.Brazylia/510 770 Aparecida de Goiânia
0%
85.Paragwaj/396 357 Capiatá
0%
84.Paragwaj/400 039 Ciudad del Este
0%
97.Argentyna/349 299 La Pampa
0%
92.Paragwaj/372 246 Luque
0%
62.Wenezuela/577 286 Petare
0%
96.Argentyna/350 660 Posadas
0%
39.Chile/930 734 Puente Alto
0%
98.Argentyna/345 576 San Salvador de Jujuy
0%
48.Argentyna/804 457 Santiago del Estro
0%
55.Kolumbia/655 025 Soacha
0%
53.Kolumbia/676 014 Soledad
0%
Nie znaleziono quizów pasujących do podanych kryteriów
Rozkład punktacji
Procent ludzi z każdym wynikiem
Percentyl według liczby udzielonych odpowiedzi
Twoja historia wyników
Nie rozwiązałeś tego quizu